00245nam a2200097Ia 4500008004100000100001500041245004700056260002300103260000900126546001200135170619s9999 xx 000 0 und d aChandra- S 0aApplication of Numerical Techniques with C bPEARSON EDU. DELHI c2009 aENGLISH